000 01052cam a2200253 4500
001 ##L131107
008 050929n2005 000 0 eng u
035 _a(Sirsi) u131107
041 0 _aeng
050 0 4 _a336.34 $2 18
110 2 _aRoyal Institution of Chartered Surveyors
_bMachinery and Business Assets Faculty
_94553
245 _aRICS Machinery and Business Assets Faculty annual conference
_bCoventry 24 June 2004
260 _aLondon
_bRICS
_c2005
300 _a1
_ffolder
_c30cm.
505 1 _aProgramme and attendance list -- Capital allowances: benefits and opportunities for surveyors -- Money laundering -- Valuing intangible assets and business valuations -- Speakers' biographies -- Overview of the economy -- Evaluation form
520 _aDelegate pack for the 2004 RICS Machinery and Business Assets Faculty conference.
651 4 _aUnited Kingdom
_y
690 _aPROPERTY-BUSINESS ASSETS
700 1 _aOliver, Alun
700 1 _aHindley, Tony
700 1 _aBrewer, Ian
700 1 _aBerisford-Smith, Mark
942 _n0
999 _c104641
_d104641